Edward II (Record no. 168782)

MARC details
000 -LEADER
fixed length control field 00597nam a2200229Ia 4500
003 - CONTROL NUMBER IDENTIFIER
control field OSt
005 - DATE AND TIME OF LATEST TRANSACTION
control field 20230323115013.0
008 - FIXED-LENGTH DATA ELEMENTS--GENERAL INFORMATION
fixed length control field 210423s2015 xx 000 0 und d
020 ## - INTERNATIONAL STANDARD BOOK NUMBER
International Standard Book Number 978-93-85436-37-6
040 ## - CATALOGING SOURCE
Transcribing agency AL
041 ## - LANGUAGE CODE
Language code of text/sound track or separate title eng
082 ## - DEWEY DECIMAL CLASSIFICATION NUMBER
Classification number 822.3
Edition number 23
Item number MARE
100 ## - MAIN ENTRY--PERSONAL NAME
Personal name MARLOWE (Christopher)
9 (RLIN) 76952
245 ## - TITLE STATEMENT
Title Edward II
Statement of responsibility, etc. Martin Wiggins and Robert Lindsey
260 ## - PUBLICATION, DISTRIBUTION, ETC.
Place of publication, distribution, etc. New Delhi
Name of publisher, distributor, etc. Bloomsbury Publishing
Date of publication, distribution, etc. 2015
300 ## - PHYSICAL DESCRIPTION
Extent xxxiv,134
Other physical details PB
365 ## - TRADE PRICE
Price amount 199
Currency code INR
440 ## - SERIES STATEMENT/ADDED ENTRY--TITLE
Title New mermaids
9 (RLIN) 76953
650 ## - SUBJECT ADDED ENTRY--TOPICAL TERM
Topical term or geographic name entry element English Drama
9 (RLIN) 76954
906 ## - LOCAL DATA ELEMENT F, LDF (RLIN)
a Edward
942 ## - ADDED ENTRY ELEMENTS (KOHA)
Source of classification or shelving scheme Dewey Decimal Classification
Koha item type Book
Holdings
Withdrawn status Lost status Damaged status Not for loan Collection code Home library Current library Date acquired Source of acquisition Cost, normal purchase price Total Checkouts Total Renewals Full call number Barcode Date last seen Date last checked out Price effective from Koha item type
        General St Aloysius PG Library St Aloysius PG Library 10/04/2017 Navakarnataka 199.00 1 1 822.3 MARE PG015284 11/23/2023 11/03/2023 04/26/2021 Book